000
00263nam a22001097a 4500
082
_a
621.782 REN'T
100
_a
RENTON, R. M
_9
59023
245
_a
TELECOMMUNICATION PRINCIPLES (IN MKS UNITS)
260
_a
LONDON
_b
SIR ISAAC
_c
1964
300
_a
448P
942
_c
BK
999
_c
569083
_d
569083